Statistics for Scottish football champions

Click here to take the quiz!

General Stats

  • This quiz has been taken 86 times
  • The average score is 115 of 119

Answer Stats

HintAnswer% Correct
1892 - 93 | 1893 - 94 | 1895 - 96 | +43 othersCeltic
100%
1898 - 99 | 1899 - 00 | 1900 - 01 | +51 othersRangers
99%
1954 - 55 | 1979 - 80 | 1983 - 84 | 1984 - 85Aberdeen
98%
1961 - 62Dundee
90%
1894 - 95 | 1896 - 97 | 1957 - 58 | 1959 - 60Hearts
86%
1903 - 04Hibernian
81%
1947 - 48 | 1950 - 51 | 1951 - 52HIbernian
81%
1982 - 83Dundee united
79%
1890 - 91Rangers & Dumbarton
77%
1964 - 65Kilmarnock
73%
1931 - 32Motherwell
53%
1891 - 92Dumbarton
48%
1904 - 05Third lanark
41%

Score Distribution

Percentile by Number Answered

Percent of People with Each Score

Your Score History

You have not taken this quiz